| 000 -LEADER |
| fixed length control field |
01163nam a2200337Ia 4500 |
| 020 ## - INTERNATIONAL STANDARD BOOK NUMBER |
| ISBN |
002824043X (Teacher's wraparound ed.) |
| 020 ## - INTERNATIONAL STANDARD BOOK NUMBER |
| ISBN |
0028240642 (Transparency sampler) |
| 020 ## - INTERNATIONAL STANDARD BOOK NUMBER |
| ISBN |
0028240545 (Practice masters) |
| 020 ## - INTERNATIONAL STANDARD BOOK NUMBER |
| ISBN |
0028240588 (Multicultural Activity masters) |
| 020 ## - INTERNATIONAL STANDARD BOOK NUMBER |
| ISBN |
0028240987 (Application and Interdisciplinary Activity masters) |
| 020 ## - INTERNATIONAL STANDARD BOOK NUMBER |
| ISBN |
0028240537 (Study guide masters) |
| 020 ## - INTERNATIONAL STANDARD BOOK NUMBER |
| ISBN |
0028240553 (Enrichment masters) |
| 020 ## - INTERNATIONAL STANDARD BOOK NUMBER |
| ISBN |
0028240561 (Evaluation masters) |
| 020 ## - INTERNATIONAL STANDARD BOOK NUMBER |
| ISBN |
0028240596 (Lab manual) |
| 020 ## - INTERNATIONAL STANDARD BOOK NUMBER |
| ISBN |
002824060X (Lesson plans) |
| 020 ## - INTERNATIONAL STANDARD BOOK NUMBER |
| ISBN |
0028241002 (Alt. assessment) |
| 020 ## - INTERNATIONAL STANDARD BOOK NUMBER |
| ISBN |
0028240715 (Comp.learning) |
| 020 ## - INTERNATIONAL STANDARD BOOK NUMBER |
| ISBN |
0028240472 (Solutions manual) |
| 020 ## - INTERNATIONAL STANDARD BOOK NUMBER |
| ISBN |
002824057X (Technology masters) |
| 020 ## - INTERNATIONAL STANDARD BOOK NUMBER |
| ISBN |
0028240480 (Teacher's guide software resources) |
| 040 ## - CATALOGING SOURCE |
| Transcribing agency |
CSU |
| 082 ## - DEWEY DECIMAL CLASSIFICATION NUMBER |
| Classification number |
513 GLE 1993 A034 Or. |
| 245 00 - TITLE STATEMENT |
| Title |
Mathematics : |
| Remainder of title |
applications and connections. |
| 260 ## - PUBLICATION, DISTRIBUTION, ETC. (IMPRINT) |
| Place of publication |
Lake Forest, Ill. : |
| Name of publisher |
Glencoe, |
| Year of publication |
c1993 |
| 300 ## - PHYSICAL DESCRIPTION |
| Number of Pages |
15 v. : |
| Other physical details |
ill. ; |
| Dimensions |
28 cm |
| 650 #0 - SUBJECT ADDED ENTRY--TOPICAL TERM |
| Topical Term |
Mathematics |
| 650 #4 - SUBJECT ADDED ENTRY--TOPICAL TERM |
| Topical Term |
Curmats |
| 700 1# - ADDED ENTRY--PERSONAL NAME |
| Personal name |
Balch, Kay |
| 710 2# - ADDED ENTRY--CORPORATE NAME |
| Corporate name or jurisdiction name as entry element |
Glencoe/McGraw-Hill |
| 942 ## - ADDED ENTRY ELEMENTS (KOHA) |
| Koha item type |
សៀវភៅភាសាអង់គ្លេស |
| 952 ## - LOCATION AND ITEM INFORMATION (KOHA) |
| Withdrawn status [LOCAL, KOHA] |
0 |
| 952 ## - LOCATION AND ITEM INFORMATION (KOHA) |
| Withdrawn status [LOCAL, KOHA] |
0 |
| 952 ## - LOCATION AND ITEM INFORMATION (KOHA) |
| Withdrawn status [LOCAL, KOHA] |
0 |